Influential People We Lost in 2022 - Statistics

General Stats
  • This quiz has been taken 3,029 times
    1,113 since last reset
  • The average score is 8 of 20
Answer Stats
Picture Answer % Correct
Queen Elizabeth II
100%
Pele
84%
Mikail Gorbachev
72%
Shinzo Abe
58%
Pope Benedict
51%
Meatloaf
45%
Sidney Poitier
40%
Angela Lansbury
38%
Kirstie Alley
35%
Madeleine Albright
34%
Bob Saget
32%
James Caan
32%
Olivia Newton-John
27%
Bill Russell
26%
Barbara Walters
25%
Anne Heche
20%
Naomi Judd
18%
Franco Harris
13%
Orrin Hatch
9%
Betty Davis
3%
No matching quizzes found
Score Distribution
Percent of People with Each Score
Percentile by Number Answered
Your Score History
You have not taken this quiz since the last reset